00765nam a22002177a 450000500170000000800410001702000180005804000180007608200220009410000210011624501080013725000120024526000350025730000300029265000540032265000490037665000620042570000190048770000210050670000200052720250328043012.0250328b |||||||| |||| 00| 0 eng d a9781032605029 cAIMIT LIBRARY 21a658.4012bHURJ aHurwitz, Judith. aAugmented intelligence :bbusiness power of human machine collaboration /cBy Judith Hurwitz...[et.al]. a1st ed. aNew York :bCRC Press ;c2021. axxvii,141p. ;bPBc23 cm. aBuilding models to support augmented intelligence aAugmented intelligence in a business process aGetting started on your journey to augmented intelligence aMorris, Henry. aSidner, Candace. aKirsch, Daniel.